Miasta z największą liczbą drapaczy chmur - Statystyki

Ogólne statystyki
  • Ten quiz został rozwiązany 23 razy
  • Średni wynik to 12 z 29
Statystyki odpowiedzi
# Kontynent Miasto % Poprawnych
319 Ameryka Północna Nowy Jork
95%
67 Azja Pekin
95%
176 Azja Tokio
91%
264 Azja Dubaj
86%
195 Azja Szanghaj
86%
563 Azja Hong Kong
73%
179 Azja Kuala Lumpur
73%
98 Azja Singapur
73%
138 Ameryka Północna Chicago
64%
86 Azja Seul
64%
120 Azja Bangkok
59%
195 Azja Kanton
59%
116 Azja Dżakarta
50%
96 Ameryka Północna Toronto
45%
169 Azja Wuhan
36%
77 Australia i Oceania Melbourne
32%
64 Ameryka Północna Miami
27%
145 Azja Chongqing
18%
103 Azja Bombaj
14%
75 Azja Nankin
14%
67 Ameryka Północna Panama
9%
420 Azja Shenzen
9%
77 Azja Busan
5%
127 Azja Chengdu
5%
85 Azja Hangzhou
5%
69 Azja Changsha
0%
92 Azja Nanning
0%
99 Azja Shenyang
0%
76 Azja Tianjin
0%
Nie znaleziono quizów pasujących do podanych kryteriów
Rozkład punktacji
Procent ludzi z każdym wynikiem
Percentyl według liczby udzielonych odpowiedzi
Twoja historia wyników
Nie rozwiązałeś tego quizu